000 00541nam a2200205Ia 4500
005 20250505145739.0
008 008 250505s9999 xx 000 0 eng d
037 _aTextbook
040 _aFML
_beng
_cFML
041 _aeng
_2eng
084 _aNS R4
_qFML
100 _aSuresh, Padmaja
_9588055
245 4 _aThe Dance Of Tantra and Satguru
260 _aGurugram , Haryana
_bShubhi Pub.
_c2024
300 _a215p
365 _aINR
_b1495
650 _aMusic
942 _cTB
_hNS R4
999 _c1311742
_d1311742